000 00542nam a2200217Ia 4500
003 OSt
005 20220928145950.0
006 a|||||r|||| 00| 0
007 ta
008 220927b |||||||| |||| 00| 0 eng d
024 _a86173
037 _cTextual
040 _aSDCL
_cSDCL
_beng
041 _2eng
_aeng
082 _aO-,1:g(P:3), G5
100 _aStein Gertrude
_9514762
245 0 _aNarration
_b Four lectures
260 _c1935
942 _hO-,1:g(P:3), G5
_cTEXL
_2CC
999 _c838339
_d838339